Holy Biography (Record no. 268)

MARC details
000 -LEADER
fixed length control field 00642nam a2200241 a 4500
020 ## - INTERNATIONAL STANDARD BOOK NUMBER
ISBN
082 00 - DEWEY DECIMAL CLASSIFICATION NUMBER
Classification number 297.4
Author Cutter BEG
100 ## - MAIN ENTRY--AUTHOR NAME
Author name Begg, Mirza Wahiduddin
245 ## - TITLE STATEMENT
Title Holy Biography
Sub title Hazrat Khwaja Muinuddin Hasan Chishti, Holy St.Of Ajmer
260 ## - PUBLICATION, DISTRIBUTION, ETC. (IMPRINT)
Place of publication Ajmer
Name of publisher Beggs` Office Topdara
Year of publication 1960
300 ## - PHYSICAL DESCRIPTION
Number of Pages 176p
500 ## - GENERAL NOTE
General note includes index and biblioraphy
505 2# - FORMATTED CONTENTS NOTE
Formatted contents note ill, bibliography
650 ## - SUBJECT ADDED ENTRY--TOPICAL TERM
Topical Term Sufism-Chishti
942 ## - ADDED ENTRY ELEMENTS (KOHA)
Koha item type Books
700 1# -
-- Begg, Mirza Wahiduddin
Holdings
Home library Current library Date acquired Cost, normal purchase price Full call number Accession Number Koha item type
Henry Martyn Institute Library Henry Martyn Institute Library 08/09/2007 16.00 297.4 BEG 03501 E-Books
                   Copyright © 2026 | Henry Martyn Institute | Hyderabad | TS-500052 | INDIA | Implemented by hmi.edu.in
Hit-Count:

Powered by Koha